01005nam a2200277 a 450000100060000000300080000600500170001400800410003102000150007203500190008704000230010604100110012908200230014010000370016324500820020026000560028230000270033850000400036550400510040560000650045665000250052170000290054694200120057599900170058795201230060462521BD-RjUL20211209081108.0170124s1974 cau b 001 0 eng d a0520026012 a(BD-RjUL)62647 aDLCcDLCdDLCbeng0 aengwel00a891.6611bLLP 19740 aLlywarch Hen,d496?-646?918586704aThe poetry of Llywarch Hen /cintrod. text, and translation, Patrick K. Ford. aBerkeley :bUniversity of California Press,cc1974. axvii, 145 p. ;c23 cm. aText of poems in English and Welsh. aIncludes bibliographical references and index.00aLlywarch Hen,d496?-646?xTranslations into English.9186599 aWelsh poetry91866001 aFord, Patrick K.9185869 2ddccBK c62521d62521 00102ddc40718NFICaRUCLbRUCLcReadingd1994-01-05l0o891.6611 LLP 1974r2017-01-24 00:00:00tC-1w2017-01-24yBK